书目信息 |
| 题名: |
当代英语新词热词词典
|
|
| 作者: | 高永伟 编 | |
| 分册: | ||
| 出版信息: | 北京 外语教学与研究出版社 2024.10 |
|
| 页数: | 406页 | |
| 开本: | 21cm | |
| 丛书名: | ||
| 单 册: | ||
| 中图分类: | H316 | |
| 科图分类: | ||
| 主题词: | 英语--词典 | |
| 电子资源: | ||
| ISBN: | 978-7-5213-5810-0 | |
| 000 | 01125nam0 2200241 450 | |
| 001 | 013284772 | |
| 005 | 20250924200257.57 | |
| 010 | @a978-7-5213-5810-0@dCNY68.00 | |
| 100 | @a20241205d2024 em y0chiy0120 ea | |
| 101 | 0 | @achi@aeng |
| 102 | @aCN@b110000 | |
| 105 | @ay e 000yy | |
| 106 | @ar | |
| 200 | 1 | @a当代英语新词热词词典@9dang dai ying yu xin ci re ci ci dian@dA dictionary of contemporary English neologisms and trendy words@f高永伟编@zeng |
| 210 | @a北京@c外语教学与研究出版社@d2024.10 | |
| 215 | @a406页@d21cm | |
| 330 | @a本书收录了自二十世纪八九十年代以来出现在英语中或在当代英语中频繁使用的新词语近17000条,包括3000多条各类术语、近200条习语,条目下例证丰富,标注详尽,共有1300多条例证及相应的汉译。本词典还在近3000个词条下标注了词源、词义等信息,在200多个条目下设置了参见,收词义项涉及金融、医学、体育等多个领域,是一本适合各类英语学习者的参考工具书。 | |
| 510 | 1 | @aDictionary of contemporary English neologisms and trendy words@zeng |
| 606 | 0 | @a英语@j词典 |
| 690 | @aH316@v5 | |
| 701 | 0 | @a高永伟@9gao yong wei@4编 |
| 801 | 0 | @aCN@c20250909 |
| 905 | @a河南城建学院图书馆@dH316@eG207-3@ZG207-3@f1 | |
| 当代英语新词热词词典=A dictionary of contemporary English neologisms and trendy words/高永伟编.-北京:外语教学与研究出版社,2024.10 |
| 406页;21cm |
| ISBN 978-7-5213-5810-0:CNY68.00 |
| 本书收录了自二十世纪八九十年代以来出现在英语中或在当代英语中频繁使用的新词语近17000条,包括3000多条各类术语、近200条习语,条目下例证丰富,标注详尽,共有1300多条例证及相应的汉译。本词典还在近3000个词条下标注了词源、词义等信息,在200多个条目下设置了参见,收词义项涉及金融、医学、体育等多个领域,是一本适合各类英语学习者的参考工具书。 |
| ● |
| 相关链接 |
|
|
|
正题名:当代英语新词热词词典
索取号:H316/G207-3
 
预约/预借
| 序号 | 登录号 | 条形码 | 馆藏地/架位号 | 状态 | 备注 |
| 1 | 1631831 | 216318312 | 语言库209/209语言库 40排5列6层/ [索取号:H316/G207-3] | 在馆 |